The emergence of Japan as a world power, 1895-1925.

Bibliographic Details
Main Author: Kajima, Morinosuke, 1896-
Format: Book
Language:English
Japanese
Published: Rutland, Vt. : C. E. Tuttle Co., [1967]
Subjects:

MARC

Tag First Indicator Second Indicator Subfields
LEADER 00000cam a22000001 4500
001 in00000242530
005 20160115090828.0
008 701207c19671968vtub 00000 engx
010 |a  68011079  
035 |a (OCoLC)00436433 
035 |9 ABA9977AM 
040 |a DLC  |c DLC  |d TXA  |d UtOrBLW 
041 1 |a eng  |a jpn 
043 |a a-ja--- 
049 |a TXAM  |c [918548] 
050 0 0 |a DS845  |b .K2513 
082 0 |a 952.03 
100 1 |a Kajima, Morinosuke,  |d 1896- 
245 1 4 |a The emergence of Japan as a world power, 1895-1925. 
264 1 |a Rutland, Vt. :  |b C. E. Tuttle Co.,  |c [1967] 
264 4 |c [©1968] 
300 |a 403 pages :  |b map (on lining papers) ;  |c 22 cm. 
336 |a text  |b txt  |2 rdacontent 
337 |a unmediated  |b n  |2 rdamedia 
338 |a volume  |b nc  |2 rdacarrier 
500 |a Translation of Nihon gaiko seisaku no shiteki kosatsu; (romanized form) first published in 1938 under title: Teikoku gaiko no kihon seisaku (romanized form) 
651 0 |a Japan  |x Foreign relations  |y 1868-1912. 
651 0 |a Japan  |x Foreign relations  |y 1912-1945. 
999 |a MARS 
999 f f |s 0f9fffe4-e33f-3773-ab25-d7305b25a446  |i 0f15969a-24ec-3c8b-a76a-1e1275672140  |t 0 
952 f f |p ric  |a Texas A&M University  |b Rellis Campus  |c Joint Library Facility  |d Remote Storage  |t 0  |e DS845 .K2513  |h Library of Congress classification  |i unmediated -- volume  |m A14802078836 
998 f f |a DS845 .K2513  |t 0  |l Remote Storage